| 000 | 01474cam a22002415a 4500 | ||
|---|---|---|---|
| 001 | L139252 | ||
| 008 | 070724e20070723xxkd f f000 0 eng d | ||
| 035 | _a(Sirsi) u139252 | ||
| 041 | 0 | _aeng | |
| 050 | 0 | 4 | _a306.1 $2 18 |
| 110 | 1 |
_aUnited Kingdom _bDepartment for Communities and Local Government _94939 |
|
| 240 | _aHousing Green Paper 2007 | ||
| 245 | 0 | 0 |
_aHomes for the future _bmore affordable, more sustainable _h[electronic resource] |
| 260 |
_aLondon _bDCLG _c2007 |
||
| 520 | _aDetails the UK government's plans for housing development for the future and its policy aims. Details housing developments since 1997, and current challenges. These include making homes more affordable and energy efficient. Sets out new targets, including 240 000 new homes a year by 2016 to produce a total of 3m new homes by 2020. Identifies 45 towns and cities, making up 29 growth points for future housing. Infrastructure and planning changes are described. Sets out objectives for design standards for new homes, includes energy efficient specifications. Objectives relating to the delivery requirements are also outlined. | ||
| 590 | _aKA NTK | ||
| 650 | 2 | 4 | _aHOUSING GREEN PAPER 2007 |
| 650 | 2 | 4 |
_aAffordable housing _96215 |
| 651 | 4 |
_aUnited Kingdom _y |
|
| 690 | _aPROPERTY-RESIDENTIAL PROPERTY-RESIDENTIAL PROPERTY DEVELOPMENT | ||
| 856 | 4 | 0 |
_uhttps://www.communities.gov.uk/index.asp?id=1511890 _zView the item free of charge at www.communities.gov.uk... |
| 942 | _n0 | ||
| 999 |
_c107284 _d107284 |
||